LDR 00993naa#a2200169#i#450# 001 RU\INFRA-M\bibl\103288 005 20260513184940.3 011 ## _a1998-1740 100 ## _a20260430b2026####ek#y0rusy0150####ca 102 ## _aRU 200 1# _aОценка учебных достижений школьников и образовательная политика в контексте регионального развития _eЖурнальная статья 210 1# _aМосква _cОбщество с ограниченной ответственностью «Научно-издательский центр ИНФРА-М» _d2026 215 ## _a4 с. 608 ## _aЖурнальная статья _2local 675 ## _aПолитика в области образования с точки зрения экономики. 37.014.54 _aОбразование. Воспитание. Обучение. Организация досуга. 37 _z 700 #1 _aБолдышева _gН. О. 856 4# _anaukaru.ru _u